Socialism in Tanzania, vol. 1 politics (Record no. 57765)

MARC details
000 -LEADER
fixed length control field 00583nam a2200157 a 4500
008 - FIXED-LENGTH DATA ELEMENTS--GENERAL INFORMATION
fixed length control field 120416s1972 ||||||||||||||||| || u
050 ## - LIBRARY OF CONGRESS CALL NUMBER
Classification number DT 444 Soc
100 ## - MAIN ENTRY--PERSONAL NAME
Personal name Cliffe, Lionel
245 10 - TITLE STATEMENT
Title Socialism in Tanzania, vol. 1 politics
Statement of responsibility, etc. edited by Lionel Cliffe
246 ## - VARYING FORM OF TITLE
Title proper/short title an interdisciplinary reader
260 ## - PUBLICATION, DISTRIBUTION, ETC.
Place of publication, distribution, etc. London
Name of publisher, distributor, etc. East African Publishing
Date of publication, distribution, etc. 1972
300 ## - PHYSICAL DESCRIPTION
Extent xx, 346p. : ill.
350 ## - PRICE (NR) (BK AM CF MU VM SE) [OBSOLETE]
Price 0.00
700 ## - ADDED ENTRY--PERSONAL NAME
Personal name Saul, J. S
995 ## - RECOMMENDATION 995 [LOCAL, UNIMARC FRANCE]
-- 0.00
-- CBU-MAIN LIBRARY (Kitwe)
-- 1
-- 4.50
-- AVAILABLE
-- Main Library Open Access Collection
Holdings
Withdrawn status Lost status Source of classification or shelving scheme Damaged status Not for loan Home library Current library Shelving location Date acquired Total Checkouts Full call number Barcode Date last seen Price effective from Koha item type
          CBU-MAIN LIBRARY, KITWE. CBU-MAIN LIBRARY, KITWE.   11/30/2022   DT 444 Soc 000998 11/30/2022 11/30/2022 MONOGRAPH